Virtual Social Networks and Their Utilization for Promotion
Enregistré dans:
| Auteur principal: | |
|---|---|
| Autres auteurs: | , |
| Format: | Chapitre de livre |
| Langue: | anglais |
| Tags: |
Pas de tags, Soyez le premier à ajouter un tag!
|
MARC
| LEADER | 00000naa a2200000 4500 | ||
|---|---|---|---|
| 001 | 0226766 | ||
| 005 | 20260219132714.7 | ||
| 041 | 0 | |a eng | |
| 044 | |a PL | ||
| 245 | 1 | 0 | |a Virtual Social Networks and Their Utilization for Promotion |c Róbert Štefko, Peter Dorčák, František Pollák |
| 100 | 1 | |a Štefko, Róbert | |
| 700 | 1 | |a Dorčák, Peter, 1979- | |
| 700 | 1 | |a Pollák, František, 1985- | |